00359nam a2200157Ia 450000000250000000300040002500600190002900700140004800800410006204000080010310000230011124500300013426000120016426000160017626000090019200746ngmaa2200277 a 4500RNLg||||fr|||| a0| fzhj bfb|||baap090707b ii f a fnsan d aeng aJhajj, Amrik Singh aGidde Bhangre Dian Bolian aPatiala bSangam Pub. c2013